000 00359nam a2200157Ia 4500
100 _aJairath/Anoop K
650 _aControl Systems
942 _cBK
366 _f20
654 _acontrol systems
245 _aControl systems(conventional and Matlab)
260 _bAne Books India
_c2008
082 _a629.8312
_bJAI
300 _a349
546 _aENGLISH
999 _c18102
_d18102